Tilastot visalle Suomen kuntien kuntakeskukset

Klikkaa tästä pelataksesi tätä visaa!

Yleistilastot

  • Tätä visaa on pelattu 293 kertaa
  • Keskiarvotulos 14 / 47

Vastaustilastot

KuntaKuntakeskus% Oikein
InariIvalo
75%
AkaaToijala
73%
RaaseporiTammisaari
68%
VantaaTikkurila
68%
Mänttä-VilppulaMänttä
67%
SastamalaVammala
63%
VihtiNummela
55%
EnontekiöHetta
53%
AsikkalaVääksy
53%
KemiönsaariKemiö
46%
TuusulaHyrylä
43%
HattulaParola
43%
JanakkalaTurenki
43%
LuumäkiTaavetti
41%
HausjärviOitti
39%
SuomussalmiÄmmänsaari
36%
IittiKausala
34%
RautjärviSimpele
33%
SipooNikkilä
31%
PöytyäKyrö ja Riihikoski
29%
ImatraMansikkala
29%
Pedersören kuntaPännäinen
27%
PyhäjärviPyhäsalmi
27%
VirolahtiVirojoki
26%
SiikalatvaPulkkila
24%
KärköläJärvelä
22%
HuittinenLauttakylä
21%
HollolaSalpakangas
21%
SiikajokiRuukki
19%
JuupajokiKorkeakoski
16%
PirkkalaNaistenmatka tai Suuppa
16%
PosioAhola
13%
KeminmaaLaurila
13%
JämsäSeppola
13%
PyhtääSiltakylä
13%
PudasjärviKurenalus
12%
TohmajärviKemie
10%
PälkäneOnkkaala
9%
MustasaariSepänkylä
9%
UlvilaVanhakylä
8%
NousiainenNummi
7%
HämeenkyröPappila
7%
RuokolahtiRasila
4%
PyhärantaRohdainen
4%
KokemäkiTulkkila
4%
VehmaaVinkkilä
4%
VeteliKainu
3%

Tulosjakauma

Persentiili vastausten määrän mukaan

Jokaisen tuloksen saaneiden osuus

Tuloshistoriasi

Et ole pelannut tätä visaa